Normal view MARC view

Entry Personal Name

Number of records used in: 2

001 - CONTROL NUMBER

  • control field: 74585

003 - CONTROL NUMBER IDENTIFIER

  • control field: dpl

005 - DATE AND TIME OF LATEST TRANSACTION

  • control field: 20241203141154.0

008 - FIXED-LENGTH DATA ELEMENTS

  • fixed length control field: 241203|| aca||aabn | a|a d

040 ## - CATALOGING SOURCE

  • Original cataloging agency: dpl
  • Transcribing agency: dpl

100 ## - HEADING--PERSONAL NAME

  • Personal name: मिश्र, शची

670 ## - SOURCE DATA FOUND

  • Source citation: Work cat.: (dpl)207364: मिश्र, शची, माधवी की देहगाथा /, 2024

© Delhi Public Library
Hit Counter
free hit counter